Statistics for Every Grammy Nominee For Best Rap Album

Click here to take the quiz!

General Stats

  • This quiz has been taken 49 times
  • The average score is 43 of 148

Answer Stats

Grammy YearAnswerArtist(s)Notes% Correct
2022DondaKanye West
88%
2024Her LossDrake & 21 Savage
88%
2024UTOPIATravis Scott
88%
2020IGORTyler, The CreatorWon
85%
2019ASTROWORLDTravis Scott
80%
2018DAMN.Kendrick LamarWon
80%
2022Call Me If You Get LostTyler, The CreatorWon
73%
2024HEROES & VILLAINSMetro Boomin
73%
2017The Life Of PabloKanye West
73%
2016To Pimp A ButterflyKendrick LamarWon
73%
2023Mr. Morale & The Big SteppersKendrick LamarWon
70%
2012Watch The ThroneJAY-Z & Kanye West
70%
2018Flower BoyTyler, The Creator
68%
2005The College DropoutKanye WestWon
68%
2008GraduationKanye WestWon
65%
2007KingT.I.
65%
2012My Beautiful Dark Twisted FantasyKanye WestWon
65%
2014YeezusKanye West
65%
2017ViewsDrake
63%
2022Certified Lover BoyDrakeWithdrawn from consideration by the artist
60%
2021King's DiseaseNasWon
60%
20184:44JAY-Z
58%
2014good kid, m.A.A.d cityKendrick Lamar
58%
2019Invasion of PrivacyCardi BWon
58%
2024MICHAELKiller MikeWon
58%
2000I Am...Nas
55%
2006Late RegistrationKanye WestWon
55%
2011RecoveryEminemWon
55%
2018CultureMigos
53%
2013Take CareDrakeWon
53%
2009Tha Carter IIILil WayneWon
53%
2019DAYTONAPusha T
50%
2022King's Disease IINas
50%
2024King's Disease IIINas
50%
2019SwimmingMac Miller
50%
2012Tha Carter IVLil Wayne
50%
2002The BlueprintJAY-Z
50%
2003The Eminem ShowEminemWon
50%
2001The Marshall Mathers LPEminemWon
50%
2022The Off-SeasonJ. Cole
50%
2020i am > i was21 Savage
48%
2000The Slim Shady LPEminemWon
48%
1997All Eyez On Me2Pac
45%
2010RelapseEminemWon
45%
20162014 Forest Hills DriveJ. Cole
43%
2014Nothing Was The SameDrake
43%
2006BeCommon
40%
2004Get Rich Or Die Tryin'50 Cent
40%
2023GOD DIDDJ Khaled
40%
20012001Dr. Dre
38%
2017Coloring BookChance The RapperWon
38%
2016If You're Reading This It's Too LateDrake
38%
2005The Black AlbumJAY-Z
38%
2014The HeistMacklemore & Ryan LewisWon
38%
2023I NEVER LIKED YOUFuture
35%
1998Life After DeathThe Notorious B.I.G.
35%
2002StankoniaOutkastWon
35%
2011The Blueprint 3JAY-Z
35%
2006EncoreEminem
33%
2015The Marshall Mathers LP 2Eminem
33%
2021AlfredoFreddie Gibbs & The Alchemist
30%
2016ComptonDr. Dre
30%
2012Pink FridayNicki Minaj
30%
2002ScorpionEve
30%
2004Speakerboxx/The Love BelowOutkastWon
30%
2015Because The InternetChildish Gambino
28%
2014Magna Carta... Holy GrailJAY-Z
28%
2015OxymoronScHoolboy Q
28%
2023It's Almost DryPusha T
25%
2011Thank Me LaterDrake
25%
2023Come Home The Kids Miss YouJack Harlow
23%
2006The Massacre50 Cent
23%
2019Victory LapNipsey Hussle
23%
1997Gangsta's ParadiseCoolio
20%
2007Lupe Fiasco's Food & LiquorLupe Fiasco
20%
2016The PinkprintNicki Minaj
20%
1997The ScoreFugeesWon
20%
2009American GangsterJAY-Z
18%
2020ChampionshipsMeek Mill
18%
2013Life Is GoodNas
18%
1996Me Against The World2Pac
18%
2020Revenge Of The Dreamers IIIDreamville
18%
2020The Lost BoyCordae
18%
1999Vol.2...Hard Knock LifeJAY-ZWon
18%
2021A Written TestimonyJay Electronica
15%
2013Food & Liquor II: The Great American Rap Album, Pt. 1Lupe Fiasco
15%
2017Major KeyDJ Khaled
15%
2009UntitledNas
15%
2001Vol. 3... Life And Times Of S. CarterJAY-Z
15%
2017Blank Face LPScHoolboy Q
13%
2001Country GrammarNelly
13%
2000E.L.E. (Extinction Level Event): The Final World FrontBusta Rhymes
13%
2008Kingdom ComeJAY-Z
13%
2009Lupe Fiasco's The CoolLupe Fiasco
13%
2009Paper TrailT.I.
13%
1996Return to the 36 Chambers: The Dirty VersionOl' Dirty Bastard
13%
2004The Blueprint 2: The Gift & The CurseJAY-Z
13%
1998Wu-Tang ForeverWu-Tang Clan
13%
1997Beats, Rhymes & LifeA Tribe Called Quest
10%
2011B.o.B Presents: The Adventures Of Bobby RayB.o.B
10%
1999Capital PunishmentBig Pun
10%
2008Hip-Hop Is DeadNas
10%
1996I WishSkee-Lo
10%
2012LasersLupe Fiasco
10%
2007Release TherapyLudacrisWon
10%
1999The Love MovementA Tribe Called Quest
10%
2010The RenaissanceQ-Tip
10%
2017and the Anonymous Nobody...De La Soul
8%
2015Blacc HollywoodWiz Khalifa
8%
1996E. 1999 EternalBone Thugs-N-Harmony
8%
2008Finding ForeverCommon
8%
2013God Forgives, I Don'tRick Ross
8%
2011How I Got OverThe Roots
8%
2007In My MindPharrell Williams
8%
2018Laila's WisdomRapsody
8%
2003NellyvilleNelly
8%
2015Nobody's SmilingCommon
8%
1998Supa Dupa FlyMissy Elliott
8%
2021The AllegoryRoyce Da 5'9"
8%
2010The EcstaticMos Def
8%
2015The New ClassicIggy Azalea
8%
2000Things Fall ApartThe Roots
8%
2013UndunThe Roots
8%
2001...And Then There Was XDMX
5%
2013Based On A T.R.U. Story2 Chainz
5%
2021Black HabitsD Smoke
5%
2007Game TheoryThe Roots
5%
1998No Way OutDiddyWon
5%
2004PhrenologyThe Roots
5%
2010R.O.O.T.S.Flo Rida
5%
2005SuitNelly
5%
2003TarantulaMystikal
5%
2006The CookbookMissy Elliott
5%
2005THE DEFinitionLL COOL J
5%
2008T.I. VS T.I.P.T.I.
5%
2004Under ConstructionMissy Elliott
5%
2010Universal Mind ControlCommon
5%
2003Word Of MoufLudacris
5%
2002Back For The First TimeLudacris
3%
2000Da Real WorldMissy Elliott
3%
2003Diary of a Sinner: 1st EntryPetey Pablo
3%
1999Harlem WorldMase
3%
1999Life In 1472Jermaine Dupri
3%
1997Mr. SmithLL COOL J
3%
2002Pain Is LoveJa Rule
3%
1996Poverty's ParadiseNaughty By NatureWon
3%
1998Wyclef Jean presents The CarnivalWyclef Jean
3%
2005To The 5 BuroughsBeastie Boys
0%

Score Distribution

Percentile by Number Answered

Percent of People with Each Score

Your Score History

You have not taken this quiz